000 00259nam a2200121Ia 4500
008 190216s9999||||xx |||||||||||||| ||und||
100 _aSudheer K P
245 0 _aSahayathrika
260 _bCurrent Books
300 _a120
650 _aKathakal
942 _cBK
999 _c28669
_d28669